000 01219nam1a2200289 4500
001 RU\NLR\BIBL_A\011781192
005 20250807190209.0
035 _a(NLR Aleph) 011781192
090 _a1403
_c1403
100 _a20180903d1941 d y0rusy50 ca
101 0 _ache
102 _aRU
105 _aa j 000 y
200 1 _aГеографи
_eюьхьанцарчу шк. учебник
_fЛ. Г. Терехова, В. Г. Эрдели
210 _aСоьлж-ГIала
_cНохчгIалгIпачхьалкхиздат
_d1941
215 _d22
541 1 _aГеография
_eучебник для нач. шк.
_zrus
606 1 _aГеография
_jУчебники для начальной школы
_2nlr_sh1
_2nlr_sh2
_3RU\NLR\AUTH\6662461
689 1 _aД82 я71
700 1 _aТерехова
_bЛ. Г.
_gЛидия Григорьевна
_3RU\NLR\AUTH\770278601
_4070
701 1 _aЭрдели
_bВ. Г.
_f1886-1968
_gВладимир Георгиевич
_rU\NLR\AUTH\770268140
_3RU\NLR\AUTH\770268140
_4070
852 _aNLR
_bОНЛ
_jЧеч./3-200
942 _cBOOK
945 _aРоссийская национальная библиотека
980 _aNB
980 _aBV